| 000 | 00922cam a22002895i 4500 | ||
|---|---|---|---|
| 001 | 20446120 | ||
| 003 | OSt | ||
| 005 | 20240221095943.0 | ||
| 008 | 180411s2018 nyu 000 0 eng | ||
| 010 | _a 2018940980 | ||
| 020 | _a9781580935142 | ||
| 040 |
_aDLC _beng _erda _cDLC |
||
| 042 | _apcc | ||
| 082 |
_a720.92 _bCOB |
||
| 100 | 1 |
_aCobb, Henry N. _9120953 |
|
| 245 | 1 | 0 |
_aHenry N. Cobb words & works : _b1948-2018 scenes from a life in architecture / _cHenry N. Cobb. |
| 250 | _a1st edition. | ||
| 260 |
_aNew york: _bThe Monacelli press; _c2018. |
||
| 263 | _a1809 | ||
| 300 | _a547p.: | ||
| 650 |
_aPei Cobb Freed & Partners _9120954 |
||
| 650 |
_aArchitecture _910518 |
||
| 906 |
_a0 _bibc _corignew _d2 _eepcn _f20 _gy-gencatlg |
||
| 942 |
_2ddc _cREF _aSADA _kREF 720.92 COB 2018 |
||
| 999 |
_c607951 _d607951 |
||